<?xml version="1.0" encoding="UTF-8"?>
<collection xmlns="http://www.loc.gov/MARC21/slim">
 <record>
  <leader>05667nam a2200349 a 4500</leader>
  <controlfield tag="001">kal814</controlfield>
  <controlfield tag="003">Gr-AtHEAL</controlfield>
  <controlfield tag="005">20160422091216.0</controlfield>
  <controlfield tag="006">m        d        </controlfield>
  <controlfield tag="008">160413s2015    gr      s           gre|c</controlfield>
  <datafield tag="020" ind1=" " ind2=" ">
   <subfield code="a">9789606030406</subfield>
  </datafield>
  <datafield tag="040" ind1=" " ind2=" ">
   <subfield code="a">GR-AtHEAL</subfield>
   <subfield code="b">gre</subfield>
   <subfield code="c">GR-AtHEAL</subfield>
  </datafield>
  <datafield tag="082" ind1="0" ind2="4">
   <subfield code="a">512</subfield>
   <subfield code="2">23</subfield>
  </datafield>
  <datafield tag="100" ind1="1" ind2=" ">
   <subfield code="a">Βάρσος, Δημήτριος.</subfield>
   <subfield code="8">732</subfield>
  </datafield>
  <datafield tag="245" ind1="1" ind2="0">
   <subfield code="a">Μια εισαγωγή στην αλγεβρική θεωρία κωδικών</subfield>
   <subfield code="h">[Ηλεκτρονικός πόρος] </subfield>
   <subfield code="c">Βάρσος, Δημήτριος ; Κριτικός αναγνώστης,Συκιώτης, Μιχάλης ; Γλωσσική επιμέλεια,Τσιαδήμου, Αναστασία ; Τεχνική επιμέλεια,Πασχάλης, Βασίλειος.</subfield>
  </datafield>
  <datafield tag="260" ind1=" " ind2=" ">
   <subfield code="a">Αθήνα :</subfield>
   <subfield code="b">Σύνδεσμος Ελληνικών Ακαδημαϊκών Βιβλιοθηκών,</subfield>
   <subfield code="c">c2015.</subfield>
  </datafield>
  <datafield tag="490" ind1=" " ind2=" ">
   <subfield code="a">Ακαδημαϊκά Ηλεκτρονικά Συγγράμματα και Βοηθήματα Κάλλιπος</subfield>
   <subfield code="8">40</subfield>
  </datafield>
  <datafield tag="520" ind1=" " ind2=" ">
   <subfield code="a">Θεματολογία του βιβλίου: Η Θεωρία Κωδίκων αποτελεί έναν σχετικά πρόσφατο κλάδο των Εφαρμόσιμων Μαθηματικών με ισχυρό όμως Θεωρητικό υπόβαθρο. Το πρόβλημα που έπρεπε να αντιμετωπισθεί ήταν η εξασφάλιση αξιόπιστης επικοινωνίας. Όπως είναι γνωστόν κατά την μετάδοση ενός μηνύματος ενδέχεται να προκληθούν αλλοιώσεις (παρεμβολές λαθών). Τα αίτια που προκαλούν τις παρεμβολές καθώς και η ανάπτυξη τεχνικών αντιμετώπισης και βελτίωσης των διαύλων επικοινωνίας από τεχνολογικής απόψεως αποτελεί αντικείμενο της επιστήμης της Πληροφορίας και δεν θα μας απασχολήσει. Εδώ με δεδομένο ότι έχουμε έναν αναξιόπιστο δίαυλο επικοινωνίας θα παρουσιάσουμε μεθόδους που έχουν αναπτυχθεί ώστε να κωδικοποιούμε ένα μήνυμα. Η κωδικοποίηση γίνεται κατά τέτοιο τρόπο ώστε όταν λαμβάνεται ένα μήνυμα, το οποίο έχει υποστεί αλλοιώσεις κατά την μετάδοσή του, ο παραλήπτης να είναι σε θέση όχι μόνο να ανιχνεύσει την ύπαρξη λαθών, αλλά και να τα διορθώσει. Η όλη προσπάθεια στηρίζεται στη χρήση Καθαρών Μαθηματικών και ιδιαίτερα από την περιοχή της Γραμμικής Άλγεβρας και των πεπερασμένων σωμάτων.Αν και η ξενόγλωσση βιβλιογραφία είναι εκτενέστατη, στην Ελληνική βιβλιογραφία, απ’ ότι γνωρίζω, ψήγματα της όλης θεωρίας εμφανίζονται αποσπασματικά σε ορισμένα συγγράμματα. Η πρώτη συστηματική προσπάθεια συγγραφής ενός αυτοτελούς συγγράμματος έγινε από εμένα πριν από εννέα χρόνια, όπου συνέγραψα ένα βιβλίο με τον τίτλο «Στοιχεία Αλγεβρικής Θεωρίας Κωδίκων». Το βιβλίο, το οποίο πρόκειται να συγγράψω δεν αποτελεί επανέκδοση αυτού του βιβλίου, καθ’ ότι έχει γίνει πλήρης αναμόρφωση του περιεχομένου του, αλλά κυρίως διότι έχουν προστεθεί επιπλέον περιεχόμενα, αναγκαία για την πληρότητα και ολοκληρωμένη παρουσίαση. Η διάρθρωση έχει σχεδιαστεί ώστε να αποτελεί ένα αυτοδύναμο σύγγραμμα, το οποίο θα μπορεί να υποστηρίξει αυτοτελώς ένα μάθημα που απευθύνεται, τόσο σε προπτυχιακούς όσο και σε μεταπτυχιακούς φοιτητές Πανεπιστημιακών και Πολυτεχνικών Σχολών.</subfield>
  </datafield>
  <datafield tag="650" ind1=" " ind2="0">
   <subfield code="a">Algebra</subfield>
   <subfield code="8">2195</subfield>
  </datafield>
  <datafield tag="653" ind1=" " ind2=" ">
   <subfield code="a">Κώδικες</subfield>
  </datafield>
  <datafield tag="653" ind1=" " ind2=" ">
   <subfield code="a">Πεπερασμένα σώματα</subfield>
  </datafield>
  <datafield tag="653" ind1=" " ind2=" ">
   <subfield code="a">Διόρθωση λαθών</subfield>
  </datafield>
  <datafield tag="653" ind1=" " ind2=" ">
   <subfield code="a">Κωδικοποίηση</subfield>
  </datafield>
  <datafield tag="653" ind1=" " ind2=" ">
   <subfield code="a">Μαθηματικά</subfield>
   <subfield code="a">Θεωρία σωμάτων και πολυωνύμων</subfield>
   <subfield code="a">Επεκτάσεις σωμάτων</subfield>
  </datafield>
  <datafield tag="653" ind1=" " ind2=" ">
   <subfield code="a">Μαθηματικά</subfield>
   <subfield code="a">Θεωρία σωμάτων και πολυωνύμων</subfield>
   <subfield code="a">Γενική θεωρία σωμάτων</subfield>
  </datafield>
  <datafield tag="653" ind1=" " ind2=" ">
   <subfield code="a">Μαθηματικά</subfield>
   <subfield code="a">Θεωρία σωμάτων και πολυωνύμων</subfield>
  </datafield>
  <datafield tag="700" ind1="1" ind2=" ">
   <subfield code="a">Συκιώτης, Μιχάλης</subfield>
   <subfield code="e">Κριτικός αναγνώστης</subfield>
   <subfield code="8">733</subfield>
  </datafield>
  <datafield tag="856" ind1="4" ind2="0">
   <subfield code="u">http://hdl.handle.net/11419/814</subfield>
   <subfield code="z">Πλήρες Κείμενο - Full text</subfield>
  </datafield>
  <datafield tag="907" ind1=" " ind2=" ">
   <subfield code="a">.b25679120</subfield>
   <subfield code="b">12-06-18</subfield>
   <subfield code="c">29-07-16</subfield>
  </datafield>
  <datafield tag="949" ind1=" " ind2=" ">
   <subfield code="0">0</subfield>
   <subfield code="1">0</subfield>
   <subfield code="2">ddc</subfield>
   <subfield code="4">0</subfield>
   <subfield code="6">512_000000000000000_ΒΑΡ</subfield>
   <subfield code="7">0</subfield>
   <subfield code="8">KALL</subfield>
   <subfield code="8">671</subfield>
   <subfield code="d">2016-04-13</subfield>
   <subfield code="r">2016-04-13</subfield>
   <subfield code="w">2016-04-13</subfield>
   <subfield code="z">512 ΒΑΡ</subfield>
   <subfield code="o">SEAB KALLIPOS</subfield>
  </datafield>
  <datafield tag="998" ind1=" " ind2=" ">
   <subfield code="a">80</subfield>
   <subfield code="a">01</subfield>
   <subfield code="a">02</subfield>
   <subfield code="a">03</subfield>
   <subfield code="a">04</subfield>
   <subfield code="a">05</subfield>
   <subfield code="a">06</subfield>
   <subfield code="a">07</subfield>
   <subfield code="a">08</subfield>
   <subfield code="a">09</subfield>
   <subfield code="a">10</subfield>
   <subfield code="a">11</subfield>
   <subfield code="a">12</subfield>
   <subfield code="a">13</subfield>
   <subfield code="a">14</subfield>
   <subfield code="a">15</subfield>
   <subfield code="a">16</subfield>
   <subfield code="a">17</subfield>
   <subfield code="a">18</subfield>
   <subfield code="a">19</subfield>
   <subfield code="a">20</subfield>
   <subfield code="a">21</subfield>
   <subfield code="a">22</subfield>
   <subfield code="a">23</subfield>
   <subfield code="a">24</subfield>
   <subfield code="a">25</subfield>
   <subfield code="a">26</subfield>
   <subfield code="b">15-05-17</subfield>
   <subfield code="c">m</subfield>
   <subfield code="d">z  </subfield>
   <subfield code="e">-</subfield>
   <subfield code="f">gre</subfield>
   <subfield code="g">gr </subfield>
   <subfield code="h">0</subfield>
  </datafield>
  <datafield tag="942" ind1=" " ind2=" ">
   <subfield code="2">ddc</subfield>
   <subfield code="c">KALLIPOS</subfield>
  </datafield>
 </record>
</collection>
